Statistics for Active tennis players with at least one win against the Big 4

Click here to take the quiz!

General Stats

  • This quiz has been taken 112 times
  • The average score is 5 of 8

Answer Stats

Answer% Correct
Stan Wawrinka
80%
Juan Martín del Potro
72%
Marin Čilić
72%
Dominic Thiem
69%
Jo-Wilfried Tsonga
67%
Tomáš Berdych
64%
Kei Nishikori
63%
Gilles Simon
26%

Score Distribution

Percentile by Number Answered

Percent of People with Each Score

Your Score History

You have not taken this quiz